Stati per per occupazione in Agricoltura - Statistics

Statistiche generali
  • Questo quiz è stato fatto 7 volte
  • Il punteggio medio è 6 su 10
Statistiche sulle risposte
Occupazione in agricoltura (% sull'occupazione totale) Continente Nazione % Corretto
81,9 Africa Repubblica del Congo
100%
74,4 Africa Madagascar
86%
75,6 Africa Niger
71%
87,2 Africa Ciad
57%
83,9 Africa Eritrea
57%
75,9 Africa Mauritania
57%
85,6 Africa Repubblica Centrafricana
57%
91,5 Africa Burundi
43%
83,5 Africa Guinea-Bissau
43%
84,7 Africa Malawi
29%
Nessun quiz corrispondente trovato
Distribuzione punteggi
Percentuale di utenti per punteggio
Percentile per numero di risposta
I tuoi punteggi nel tempo
Non hai fatto questo quiz